000 00610nam a2200205Ia 4500
005 20250508162931.0
008 008 250505s9999 xx 000 0 eng d
020 _a0-8039-8251-8
037 _aTextual
040 _aFEDL
_beng
_cFEDL
041 _aeng
_2eng
084 _a305.55, TOR
_qFEDL
100 _aTorstendahl Rolf Ed.
_9601867
245 0 _aFormation of professions : Knowledge, state and strategy
260 _aLondon, UK
_bSage Publications
_c1990
300 _aviii,215p.
700 _a Burrage Michael Ed.
_9774440
942 _cTEXL
_h305.55, TOR
999 _c1379514
_d1379514